| 000 | 00809pam a2200253 a 4500 | ||
|---|---|---|---|
| 001 | 672351 | ||
| 005 | 20180309084159.0 | ||
| 008 | 950705s1996 njua b 001 0 eng c | ||
| 010 | _a 95034138 | ||
| 020 | _a0133750159 | ||
| 040 |
_aDNLM/DLC _cDLC _dDLC |
||
| 041 | _aeng | ||
| 060 | 1 | 0 | _aWB 400 Z526a 1995 |
| 080 | _a615.884 ZEM | ||
| 082 | 0 | 0 |
_a615.884 ZEM _220 |
| 100 | 1 | _a10 | |
| 101 | _aNUT | ||
| 245 | 1 | 0 |
_aApplications in medical nutrition therapy / _cFrances J. Zeman, Denise M. Ney. |
| 246 | 3 | 0 | _aMedical nutrition therapy |
| 504 | _aIncludes bibliographical references and index. | ||
| 906 |
_a7 _bcbc _corignew _d1 _eocip _f19 _gy-gencatlg |
||
| 942 |
_2ddc _cBK |
||
| 999 |
_c44620 _d44620 |
||